| 000 | 00870nam0a22002411 4500 | ||
|---|---|---|---|
| 001 | rc\990829 | ||
| 005 | 20041129101520.7 | ||
| 035 | _a(NLR Aleph) 006158072 | ||
| 090 |
_a5833361 _c5833361 |
||
| 100 | _a20041129d1981 u |0rusy50 ca | ||
| 101 | 0 | _arus | |
| 102 | _aRU | ||
| 105 | _aa ||||||||| | ||
| 200 | 1 |
_aДиагностика и лечение заболеваний сердечно-сосудистой системы _e[Сб. статей _fРедкол.: Ю.М. Бала (науч. ред.) и др.] |
|
| 210 |
_aВоронеж _cИзд-во Воронеж. ун-та _d1981 |
||
| 215 |
_a135 с. _cграф. _d21 |
||
| 320 | _aБиблиогр. в конце статей | ||
| 702 | 1 |
_aБала _bЮ. М. _gЮрий Михайлович _4340 |
|
| 801 | 0 |
_aRU _bNLR _gpsbo |
|
| 801 | 1 |
_aRU _bELAR _2rusmarc |
|
| 852 |
_aNLR _j82-3/2442 |
||
| 942 | _cBOOK | ||
| 980 | _aNB | ||